Statystyki dla Ekipa FRIZA po kolorze opasek członków.

Kliknij tutaj aby rozwiązać quiz!

Ogólne statystyki

  • Ten quiz został rozwiązany 1 141 razy
    (1 015 od ostatniego zresetowania)
  • Średni wynik to 7 z 11

Statystyki odpowiedzi

HintOdpowiedź% Poprawnych
Wersowróżowy
98%
Murcixpomarańczowy
91%
Frizczerwony
84%
Trombażółty
81%
Mini Majkzielony
68%
Wujek Łukiniebieski
66%
Patecbrązowy
51%
Mixerfioletowy
50%
Fusialkamiętowy
36%
Poczciwy Krzychubordowy
22%
MarcysiaLawendowy
13%

Rozkład punktacji

Percentyl według liczby udzielonych odpowiedzi

Procent ludzi z każdym wynikiem

Twoja historia wyników

Nie rozwiązałeś tego quizu od ostatniego zresetowania